[Event "89th GER-ch"]
[Site "Dresden"]
[Date "2018.08.08"]
[Round "6"]
[White "Rehberg, Raphael"]
[Black "Plassmann, Dominik"]
[Result "1/2-1/2"]
[WhiteElo "2234"]
[BlackElo "2186"]
[Annotator "NA"]
[PlyCount "52"]
[EventDate "2018.08.03"]
[EventType "swiss"]
[EventCountry "GER"]
[SourceTitle "playchess.com"]
[Source "ChessBase"]
[SourceQuality "1"]
[TimeControl "40/5400+30:1800+30"]

1. e4 c5 2. Nf3 g6 3. d4 cxd4 4. Nxd4 Bg7 5. c4 Nc6 6. Be3 Nf6 7. Nc3 d6 8. Be2 O-O 9. O-O Nd7 10. Qd2 Nxd4 11. Bxd4 Bxd4 12. Qxd4 Qb6 13. Qxb6 Nxb6 14. Nd5 Nxd5 15. cxd5 f5 16. f3 fxe4 17. fxe4 Bd7 18. Rac1 Rxf1+ 19. Bxf1 Rc8 20. Rxc8+ Bxc8 21. Kf2 Kg7 22. Ke3 Kf6 23. Kd4 Kg5 24. Ke3 Kf6 25. Kd4 Kg5 26. Ke3 Kf6 {(=)} 1/2-1/2

[Event "89th GER-ch"]
[Site "Dresden"]
[Date "2018.08.08"]
[Round "6"]
[White "Heimrath, Reiner"]
[Black "Mueller, Nick"]
[Result "0-1"]
[WhiteElo "2200"]
[BlackElo "2313"]
[Annotator "NA"]
[PlyCount "104"]
[EventDate "2018.08.03"]
[EventType "swiss"]
[EventCountry "GER"]
[SourceTitle "playchess.com"]
[Source "ChessBase"]
[SourceQuality "1"]
[TimeControl "40/5400+30:1800+30"]

1. Nf3 d5 2. g3 g6 3. Bg2 Bg7 4. c4 c6 5. cxd5 cxd5 6. O-O Nf6 7. Nc3 O-O 8. d4 Ne4 9. Qb3 Nxc3 10. bxc3 Nc6 11. Nd2 e6 12. a4 b6 13. Re1 Na5 14. Qb1 Bb7 15. Nb3 Nc4 16. a5 Qd7 17. Bf4 Rfc8 18. Rc1 Bf8 19. h4 Nd6 20. Nd2 b5 21. a6 Bc6 22. Be5 Rab8 23. Qd3 Rb6 24. Qf3 Ne8 25. g4 f5 26. gxf5 exf5 27. Qh3 Ba8 28. h5 g5 29. Qh1 Rh6 30. c4 bxc4 31. Ra5 Qf7 32. Bxd5 Bxd5 33. Qxd5 Qxd5 34. Rxd5 c3 35. Nb3 Rxa6 36. Nc5 Ra3 37. Rc2 h6 38. Kg2 Ng7 39. Bxg7 Bxg7 40. e3 f4 41. Kf3 fxe3 42. fxe3 a5 43. Ke4 a4 44. Rd7 Bf8 45. Ne6 Rb3 46. Kd3 Ra8 47. Nxf8 a3 48. Ng6 a2 49. Rf2 c2+ 50. Kxc2 Rb2+ 51. Kxb2 a1=Q+ 52. Kc2 Qa4+ 0-1

[Event "89th GER-ch"]
[Site "Dresden"]
[Date "2018.08.08"]
[Round "6"]
[White "Adiyaman, Rene"]
[Black "Zude, Arno"]
[Result "1/2-1/2"]
[WhiteElo "2097"]
[BlackElo "2373"]
[Annotator "NA"]
[PlyCount "94"]
[EventDate "2018.08.03"]
[EventType "swiss"]
[EventCountry "GER"]
[SourceTitle "playchess.com"]
[Source "ChessBase"]
[SourceQuality "1"]
[TimeControl "40/5400+30:1800+30"]

1. e4 e5 2. Nf3 Nc6 3. Bc4 Nf6 4. d3 Be7 5. O-O O-O 6. Re1 d6 7. a4 Na5 8. Ba2 c5 9. c3 Nc6 10. Na3 h6 11. Bd2 a6 12. h3 Re8 13. Nc4 Be6 14. Ne3 Bxa2 15. Rxa2 Bf8 16. Nf5 d5 17. Nh2 dxe4 18. dxe4 Qd7 19. b3 Rad8 20. Ng4 Nxg4 21. Qxg4 Kh7 22. Be3 Qe6 23. Bxc5 g6 24. Bxf8 Rxf8 25. Ne3 Qxb3 26. Ree2 Qxc3 27. Nd5 Qc1+ 28. Kh2 f5 29. Qh4 Qg5 30. Qxg5 hxg5 31. Reb2 Rf7 32. Rb6 Kg7 33. Rab2 Na5 34. Re6 fxe4 35. Ne3 Rd4 36. Ng4 Nc6 37. Nxe5 Nxe5 38. Rxe5 Rxa4 39. Rb6 Rc4 40. Ree6 Rc6 41. Rexc6 bxc6 42. Rxc6 Rxf2 43. Rxa6 Rf6 44. Ra4 Rf4 45. Kg3 Kf6 46. Ra6+ Kf5 47. Ra5+ Kf6 {(=)} 1/2-1/2

[Event "89th GER-ch"]
[Site "Dresden"]
[Date "2018.08.08"]
[Round "6"]
[White "Proschmann, Tino"]
[Black "Brustkern, Juergen"]
[Result "0-1"]
[WhiteElo "2092"]
[BlackElo "2219"]
[Annotator "NA"]
[PlyCount "52"]
[EventDate "2018.08.03"]
[EventType "swiss"]
[EventCountry "GER"]
[SourceTitle "playchess.com"]
[Source "ChessBase"]
[SourceQuality "1"]
[TimeControl "40/5400+30:1800+30"]

1. e4 c6 2. d4 d5 3. exd5 cxd5 4. Bd3 Nc6 5. c3 g6 6. Nf3 Bg7 7. O-O Nh6 8. Re1 O-O 9. Bf4 f6 10. c4 Nb4 11. cxd5 Nxd3 12. Qxd3 g5 13. Bd2 Nf5 14. Bb4 g4 15. Nfd2 Qxd5 16. Qb3 Qxb3 17. Nxb3 Kf7 18. Nc3 Rd8 19. Ne2 b6 20. Rac1 Rd7 21. Rc2 Bb7 22. Rec1 a5 23. Bd2 a4 24. Na1 Ba6 25. Be3 Rad8 26. Nc3 Nxd4 0-1

[Event "89th GER-ch"]
[Site "Dresden"]
[Date "2018.08.08"]
[Round "6.1"]
[White "Buhmann, Rainer"]
[Black "Kvetny, Mark"]
[Result "1-0"]
[WhiteElo "2581"]
[BlackElo "2421"]
[Annotator "ChessBase"]
[PlyCount "81"]
[EventDate "2018.08.03"]
[EventType "swiss"]
[EventCountry "GER"]
[SourceTitle "playchess.com"]
[Source "ChessBase"]
[SourceQuality "1"]
[TimeControl "40/5400+30:1800+30"]

1. e4 {[%emt 1:30:27]} c5 {[%emt 1:30:12]} 2. Nf3 {[%emt 1:30:48]} d6 {[%emt 1:30:36]} 3. d4 {[%emt 1:30:39]} cxd4 {[%emt 1:30:56]} 4. Nxd4 {[%emt 1:31:00]} Nf6 {[%emt 1:31:18]} 5. Nc3 {[%emt 1:31:12]} a6 {[%emt 1:31:35]} 6. Be3 {[%emt 1:31:18]} Ng4 {[%emt 1:31:33]} 7. Bc1 {[%emt 1:31:10]} Nf6 {[%emt 1:31:30]} 8. f3 {[%emt 1:31:32]} e5 {[%emt 1:30:57]} 9. Nb3 {[%emt 1:31:40]} Be6 {[%emt 1:31:12]} 10. Be3 {[%emt 1:31:42]} Nbd7 {[%emt 1:30:59]} 11. g4 {[%emt 1:28:37]} Nb6 {[%emt 1:29:09]} 12. g5 {[%emt 1:22:18]} Nfd7 {[%emt 1:29:28]} 13. Qd2 {[%emt 1:17:25]} Be7 {[%emt 1:29:16]} 14. h4 {[%emt 1:10:52]} h6 {[%emt 1:05:02]} 15. Rg1 {[%emt 1:03:04]} hxg5 {[%emt 1:02:21]} 16. hxg5 {[%emt 1:02:08]} Qc7 {[%emt 1:00:22]} 17. O-O-O {[%emt 0:59:40]} O-O-O {[%emt 0:46:27]} 18. Nd5 {[%emt 0:39:44]} Bxd5 {[%emt 0:43:46]} 19. exd5 {[%emt 0:40:12]} f6 {[%emt 0:39:01]} 20. gxf6 {[%emt 0:32:31]} Nxf6 {[%emt 0:36:31]} 21. Qa5 {[%emt 0:30:01]} Na8 {[%emt 0:29:38]} 22. Rxg7 {[%emt 0:28:41]} Qxa5 {[%emt 0:28:51]} 23. Nxa5 {[%emt 0:29:07]} Rh7 {[%emt 0:28:18]} 24. Rxh7 {[%emt 0:21:31]} Nxh7 {[%emt 0:28:44]} 25. Bh3+ {[%emt 0:20:45]} Kb8 {[%emt 0:22:54]} 26. Rg1 {[%emt 0:20:35]} Nf6 {[%emt 0:20:29]} 27. c4 {[%emt 0:20:10]} Rg8 {[%emt 0:19:28]} 28. Rxg8+ {[%emt 0:19:57]} Nxg8 {[%emt 0:19:57]} 29. Kc2 {[%emt 0:18:06]} Bd8 {[%emt 0:19:44]} 30. b4 {[%emt 0:18:01]} Nf6 {[%emt 0:19:27]} 31. Kd3 {[%emt 0:15:33]} Bb6 {[%emt 0:15:29]} 32. Bg5 {[%emt 0:14:06]} Nh5 {[%emt 0:15:09]} 33. Bg4 {[%emt 0:04:39]} Nf4+ {[%emt 0:14:15]} 34. Ke4 {[%emt 0:04:56]} Ne2 {[%emt 0:14:01]} 35. Kd3 {[%emt 0:03:44]} Nf4+ {[%emt 0:11:10]} 36. Ke4 {[%emt 0:03:05]} Ne2 {[%emt 0:11:25]} 37. Bd2 {[%emt 0:01:32]} Bd8 {[%emt 0:05:31]} 38. Be1 {[%emt 0:00:46]} Kc7 {[%emt 0:03:07]} 39. c5 {[%emt 0:00:36]} b6 {[%emt 0:00:03]} 40. cxd6+ {[%emt 0:00:22]} Kxd6 {[%emt 0:00:07]} 41. Nc4+ {[%emt 0:00:14]} 1-0

[Event "89th GER-ch"]
[Site "Dresden"]
[Date "2018.08.08"]
[Round "6.2"]
[White "Langrock, Hannes"]
[Black "Poetsch, Hagen"]
[Result "0-1"]
[WhiteElo "2370"]
[BlackElo "2513"]
[Annotator "ChessBase"]
[PlyCount "72"]
[EventDate "2018.08.03"]
[EventType "swiss"]
[EventCountry "GER"]
[SourceTitle "playchess.com"]
[Source "ChessBase"]
[SourceQuality "1"]
[TimeControl "40/5400+30:1800+30"]

1. d4 {[%emt 1:30:27]} g6 {[%emt 1:30:20]} 2. c4 {[%emt 1:28:13]} Nf6 {[%emt 1:30:22]} 3. g3 {[%emt 1:26:59]} c5 {[%emt 1:30:15]} 4. Nf3 {[%emt 1:25:36]} cxd4 {[%emt 1:28:51]} 5. Nxd4 {[%emt 1:25:52]} Bg7 {[%emt 1:25:11]} 6. Bg2 {[%emt 1:26:10]} d5 {[%emt 1:23:49]} 7. cxd5 {[%emt 1:24:03]} Nxd5 {[%emt 1:22:16]} 8. O-O {[%emt 1:23:17]} O-O {[%emt 1:22:41]} 9. Na3 {[%emt 1:10:08]} Nc6 {[%emt 1:12:40]} 10. Nxc6 {[%emt 1:08:25]} bxc6 {[%emt 1:13:05]} 11. Qa4 {[%emt 1:06:04]} Qb6 {[%emt 1:10:19]} 12. e4 {[%emt 0:56:44]} Nc7 {[%emt 1:02:18]} 13. Rb1 {[%emt 0:49:13]} Rd8 {[%emt 0:52:23]} 14. Be3 {[%emt 0:45:35]} Qa6 {[%emt 0:48:43]} 15. Qb4 {[%emt 0:43:43]} Be6 {[%emt 0:43:47]} 16. b3 {[%emt 0:33:49]} Rab8 {[%emt 0:40:42]} 17. Qc5 {[%emt 0:34:06]} Nb5 {[%emt 0:34:49]} 18. Nxb5 {[%emt 0:33:48]} cxb5 {[%emt 0:35:05]} 19. Qxa7 {[%emt 0:27:49]} Qxa7 {[%emt 0:34:04]} 20. Bxa7 {[%emt 0:28:14]} Ra8 {[%emt 0:31:42]} 21. Bc5 {[%emt 0:28:35]} Rxa2 {[%emt 0:31:49]} 22. Rfd1 {[%emt 0:15:52]} Rxd1+ {[%emt 0:26:50]} 23. Rxd1 {[%emt 0:16:19]} Bc3 {[%emt 0:21:36]} 24. b4 {[%emt 0:07:54]} Bd2 {[%emt 0:18:53]} 25. Bxe7 {[%emt 0:05:44]} Bb3 {[%emt 0:18:51]} 26. Rb1 {[%emt 0:05:05]} Bc2 {[%emt 0:19:11]} 27. Rf1 {[%emt 0:05:29]} Ra4 {[%emt 0:16:53]} 28. e5 {[%emt 0:04:15]} Bxb4 {[%emt 0:16:05]} 29. Rc1 {[%emt 0:03:17]} Bf5 {[%emt 0:15:09]} 30. Bf6 {[%emt 0:01:34]} Ra2 {[%emt 0:10:11]} 31. Bf1 {[%emt 0:00:36]} Bd2 {[%emt 0:07:52]} 32. Rc7 {[%emt 0:01:03]} Be1 {[%emt 0:07:38]} 33. Bd3 {[%emt 0:00:12]} Bxf2+ {[%emt 0:07:24]} 34. Kh1 {[%emt 0:00:35]} Bg4 {[%emt 0:03:51]} 35. Be4 {[%emt 0:00:39]} Ra1+ {[%emt 0:03:58]} 36. Kg2 {[%emt 0:01:05]} Bb6 {[%emt 0:04:23]} 0-1

[Event "89th GER-ch"]
[Site "Dresden"]
[Date "2018.08.08"]
[Round "6.3"]
[White "Gschnitzer, Adrian"]
[Black "Miller, Eduard"]
[Result "1/2-1/2"]
[WhiteElo "2333"]
[BlackElo "2309"]
[Annotator "NA"]
[PlyCount "75"]
[EventDate "2018.08.03"]
[EventType "swiss"]
[EventCountry "GER"]
[SourceTitle "playchess.com"]
[Source "ChessBase"]
[SourceQuality "1"]
[TimeControl "40/5400+30:1800+30"]

1. e4 {[%emt 1:30:28]} e5 {[%emt 1:30:23]} 2. Nf3 {[%emt 1:30:52]} Nc6 {[%emt 1:30:48]} 3. Bc4 {[%emt 1:31:14]} Bc5 {[%emt 1:31:12]} 4. O-O {[%emt 1:31:32]} Nf6 {[%emt 1:31:37]} 5. d3 {[%emt 1:31:53]} O-O {[%emt 1:31:55]} 6. a4 {[%emt 1:32:04]} a6 {[%emt 1:30:14]} 7. Nbd2 {[%emt 1:31:55]} Ba7 {[%emt 1:29:35]} 8. Re1 {[%emt 1:26:57]} Re8 {[%emt 1:17:10]} 9. c3 {[%emt 1:22:20]} h6 {[%emt 1:10:41]} 10. Qb3 {[%emt 1:11:36]} Qe7 {[%emt 0:53:45]} 11. a5 {[%emt 1:11:25]} d6 {[%emt 0:53:50]} 12. Nf1 {[%emt 1:05:04]} Nd8 {[%emt 0:39:37]} 13. Ng3 {[%emt 1:03:06]} Be6 {[%emt 0:39:39]} 14. d4 {[%emt 0:54:40]} exd4 {[%emt 0:24:10]} 15. cxd4 {[%emt 0:54:53]} Bxc4 16. Qxc4 {[%emt 0:55:12]} d5 {[%emt 0:23:51]} 17. exd5 {[%emt 0:54:16]} Qd7 {[%emt 0:24:17]} 18. Rxe8+ {[%emt 0:50:44]} Nxe8 {[%emt 0:24:39]} 19. Ne5 {[%emt 0:33:50]} Qb5 {[%emt 0:23:30]} 20. Qxb5 {[%emt 0:33:58]} axb5 {[%emt 0:23:48]} 21. a6 {[%emt 0:33:15]} Bb8 {[%emt 0:16:12]} 22. Nd7 {[%emt 0:33:11]} bxa6 {[%emt 0:16:29]} 23. Nf5 {[%emt 0:28:31]} a5 {[%emt 0:14:16]} 24. Bf4 {[%emt 0:23:56]} Nb7 {[%emt 0:13:55]} 25. Ne7+ {[%emt 0:15:49]} Kh7 {[%emt 0:14:02]} 26. Nc5 {[%emt 0:10:49]} Nbd6 {[%emt 0:03:50]} 27. b3 {[%emt 0:10:47]} g5 {[%emt 0:03:20]} 28. Be5 {[%emt 0:09:55]} f6 {[%emt 0:03:12]} 29. Bg3 {[%emt 0:09:31]} a4 {[%emt 0:02:52]} 30. bxa4 {[%emt 0:09:29]} bxa4 {[%emt 0:03:18]} 31. Nc6 {[%emt 0:08:55]} a3 {[%emt 0:03:23]} 32. Nd7 {[%emt 0:08:06]} Nc4 {[%emt 0:02:16]} 33. Ncxb8 {[%emt 0:02:47]} Nd2 {[%emt 0:01:47]} 34. Nc6 {[%emt 0:02:02]} Nb3 {[%emt 0:01:17]} 35. Ra2 {[%emt 0:01:44]} Nc1 {[%emt 0:01:30]} 36. Ra1 {[%emt 0:01:23]} Nb3 {[%emt 0:01:55]} 37. Ra2 {[%emt 0:01:00]} Nc1 {[%emt 0:02:18]} 38. Ra1 {[%emt 0:00:59]} 1/2-1/2

[Event "89th GER-ch"]
[Site "Dresden"]
[Date "2018.08.08"]
[Round "6.4"]
[White "Gungl, Theo"]
[Black "Reuker, Jari"]
[Result "1/2-1/2"]
[WhiteElo "2283"]
[BlackElo "2404"]
[Annotator "NA"]
[PlyCount "97"]
[EventDate "2018.08.03"]
[EventType "swiss"]
[EventCountry "GER"]
[SourceTitle "playchess.com"]
[Source "ChessBase"]
[SourceQuality "1"]
[TimeControl "40/5400+30:1800+30"]

1. e4 {[%emt 1:30:28]} e5 {[%emt 1:30:20]} 2. Nf3 {[%emt 1:30:53]} Nc6 {[%emt 1:30:44]} 3. Bb5 {[%emt 1:31:19]} a6 {[%emt 1:31:05]} 4. Bxc6 {[%emt 1:31:43]} dxc6 {[%emt 1:31:30]} 5. O-O {[%emt 1:32:06]} Qf6 {[%emt 1:31:32]} 6. d4 {[%emt 1:32:30]} exd4 {[%emt 1:31:57]} 7. Bg5 {[%emt 1:32:53]} Qd6 {[%emt 1:32:23]} 8. Nxd4 {[%emt 1:33:14]} Be7 $14 {[%emt 1:32:43] LiveBook: 103 Games} 9. Bxe7 {[%emt 1:32:13]} Nxe7 {[%emt 1:33:05]} 10. Nc3 {[%emt 1:32:34]} Bd7 {[%emt 1:33:28]} 11. Nb3 {[%emt 1:32:43]} Qxd1 {[%emt 1:33:51]} 12. Raxd1 {[%emt 1:33:09]} b6 {[%emt 1:34:14]} 13. Rd2 {[%emt 1:33:31]} O-O-O {[%emt 1:34:36]} 14. Rfd1 {[%emt 1:33:54]} f5 {[%emt 1:34:47]} 15. f3 {[%emt 1:31:01]} c5 {[%emt 1:32:28]} 16. Nc1 {[%emt 1:29:42]} fxe4 {[%emt 1:28:49]} 17. Nxe4 {[%emt 1:30:06]} Rhf8 {[%emt 1:20:17]} 18. Ne2 {[%emt 1:20:11]} h6 {[%emt 1:13:48]} 19. N2c3 {[%emt 1:15:43]} Nf5 {[%emt 1:01:36]} 20. Kf2 {[%emt 1:06:40]} Rf7 {[%emt 0:50:04]} 21. Nd5 {[%emt 0:53:59]} Rdf8 {[%emt 0:46:44]} 22. Ng3 {[%emt 0:52:45]} Nh4 {[%emt 0:40:03]} 23. Nf1 {[%emt 0:34:29]} g5 {[%emt 0:34:43]} 24. Nfe3 {[%emt 0:32:38]} Ng6 {[%emt 0:31:38]} 25. Nc4 {[%emt 0:25:20]} Bb5 {[%emt 0:26:17]} 26. Nce3 {[%emt 0:22:54]} h5 {[%emt 0:24:22]} 27. h3 {[%emt 0:20:47]} Bc6 {[%emt 0:21:22]} 28. Kg1 {[%emt 0:19:33]} Kb7 {[%emt 0:20:29]} 29. Nf1 {[%emt 0:17:02]} h4 {[%emt 0:17:17]} 30. Nfe3 {[%emt 0:16:33]} Ne5 {[%emt 0:13:30]} 31. Re2 {[%emt 0:12:01]} Bb5 {[%emt 0:13:00]} 32. Ree1 {[%emt 0:11:15]} a5 {[%emt 0:09:55]} 33. Nc3 {[%emt 0:07:26]} Bc6 {[%emt 0:09:28]} 34. Ned5 {[%emt 0:07:22]} Nc4 {[%emt 0:08:15]} 35. b3 {[%emt 0:06:46]} Na3 {[%emt 0:06:04]} 36. Re2 {[%emt 0:06:52]} Rd8 {[%emt 0:05:54]} 37. Ne3 {[%emt 0:05:24]} Re8 {[%emt 0:05:58]} 38. Kf2 {[%emt 0:04:45]} b5 {[%emt 0:02:21]} 39. Nb1 {[%emt 0:02:25]} Nxb1 {[%emt 0:01:59]} 40. Rxb1 {[%emt 0:02:53]} Rd7 {[%emt 0:00:10]} 41. c4 {[%emt 0:22:19]} b4 {[%emt 0:29:00]} 42. Ng4 {[%emt 0:14:41]} Red8 {[%emt 0:23:09]} 43. Ne5 {[%emt 0:13:41]} Rd2 {[%emt 0:18:06]} 44. Rbe1 {[%emt 0:11:33]} Be8 {[%emt 0:18:36]} 45. Rxd2 {[%emt 0:09:01]} Rxd2+ {[%emt 0:17:23]} 46. Re2 {[%emt 0:09:28]} Rd1 {[%emt 0:17:39]} 47. Ke3 {[%emt 0:06:54]} Rd4 {[%emt 0:08:11]} 48. Rd2 {[%emt 0:06:54]} Rd6 {[%emt 0:08:34]} 49. Re2 {[%emt 0:04:55]} 1/2-1/2

[Event "89th GER-ch"]
[Site "Dresden"]
[Date "2018.08.09"]
[Round "7"]
[White "Reuker, Jari"]
[Black "Langrock, Hannes"]
[Result "1/2-1/2"]
[WhiteElo "2404"]
[BlackElo "2370"]
[Annotator "TA"]
[PlyCount "63"]
[EventDate "2018.08.03"]
[EventType "swiss"]
[EventCountry "GER"]
[SourceTitle "playchess.com"]
[Source "ChessBase"]
[SourceQuality "1"]

{[%evp 14,63,24,22,33,26,35,35,46,48,28,-89,-89,-82,-87,-83,-73,-115,-98,-121,-104,-127,8,-10,-10,-10,-10,-10,-10,-12,-6,-12,-9,-20,-19,-20,0,0,0,-15,0,0,0,0,4,0,0,0,7,0,0,0]} 1. d4 Nf6 2. c4 e6 3. Nc3 Bb4 4. Nf3 O-O 5. Bg5 c5 6. e3 cxd4 7. exd4 d5 8. Rc1 {LiveBook: 12 Partien. B14: Caro-Kann (Panow-Angriff)} (8. Be2 dxc4 9. O-O h6 10. Bh4 b6 11. Ne5 Bxc3 12. bxc3 Bb7 13. Nxc4 Nbd7 14. Nd6 Bc6 15. c4 Qe7 {½-½ (36) Carlsen,M (2837)-Ding,L (2774) Saint Louis 2017}) 8... Nc6 9. a3 Be7 10. c5 {Weiß steht etwas besser.} Ne4 11. Bxe7 Qxe7 12. Bd3 $146 (12. Bb5 $11 {hält das Gleichgewicht.}) ({Vorgänger:} 12. Bb5 Nxc3 13. Rxc3 e5 14. Re3 {1-0 (44) Shaymuratov,I (2176)-Tokhirjanova,H (2171) Tashkent 2013}) 12... Nxc3 $17 13. Rxc3 e5 $36 {[%mdl 2048] Weiss steht unter starkem Druck.} 14. dxe5 {[#]} d4 $1 {[%cal Rd4c3]} 15. Rc1 Bg4 16. O-O Nxe5 17. Be4 Qf6 (17... Rad8 $17 {Und ...d3 würde nun gewinnen.} 18. Re1 Bxf3 19. Bxf3 d3) 18. h3 {Die Stellung ist ausgeglichen.} Bxf3 19. Bxf3 Nxf3+ 20. Qxf3 Qxf3 21. gxf3 $11 {[%mdl 4096] Endspiel KTT-KTT} Rfd8 22. Rfd1 Rd5 23. Rd3 Rc8 24. Rc4 Kf8 25. b4 Rcd8 26. Kg2 Ke7 27. f4 Ke6 28. Kf3 Rh5 29. Kg4 Rhd5 30. Kf3 Rh5 31. Kg4 Rhd5 32. Kf3 {Precision: Weiß = 60%, Schwarz = 57%.} 1/2-1/2

[Event "89th GER-ch"]
[Site "Dresden"]
[Date "2018.08.09"]
[Round "7"]
[White "Zude, Arno"]
[Black "Fischer, Sebastian"]
[Result "1/2-1/2"]
[WhiteElo "2373"]
[BlackElo "2292"]
[Annotator "TA"]
[PlyCount "97"]
[EventDate "2018.08.03"]
[EventType "swiss"]
[EventCountry "GER"]
[SourceTitle "playchess.com"]
[Source "ChessBase"]
[SourceQuality "1"]

{[%evp 19,97,20,33,36,26,17,19,0,7,0,11,10,15,17,14,4,12,17,29,33,29,13,19,0,0,0,0,0,0,0,41,-18,-20,-35,-43,-31,-33,-57,-38,-61,-29,-78,-16,-15,-15,-23,-20,-30,0,0,0,-50,-26,-64,-7,-4,-13,-13,-14,-13,0,-77,0,-78,-71,-100,-92,-97,-92,-320,-309,-319,-331,-300,0,0,0,0,0,0]} 1. e4 d5 2. exd5 Qxd5 3. Nc3 Qa5 4. d4 Nf6 5. Bd2 Bg4 6. f3 {B01: Scandinavian Defence} Bd7 7. Bc4 Qb6 8. Nge2 e6 9. O-O Be7 10. a4 a5 {LiveBook: 3 Games} 11. Be3 O-O 12. Bf2 $146 ({Predecessor:} 12. Qd2 Bc6 13. Ng3 Qb4 14. Bd3 {½-½ (81) Naiditsch,A (2673)-Van Wely,L (2653) Jurmala 2016}) 12... Na6 13. Qd2 Rad8 14. Nf4 Nb4 15. Qe2 Qd6 16. Nd3 Nxd3 17. Bxd3 Bc6 18. Nb5 Qd7 19. c3 b6 20. Rad1 Bb7 21. c4 Rfe8 22. Bc2 c6 23. Nc3 Ba6 24. b3 g6 25. Ne4 ({White should play} 25. Qe1 $14) 25... Nd5 $11 {Strongly threatening ...f5.} 26. Qd2 Nb4 27. Bb1 f5 28. Nc3 Bf6 29. Qf4 Qg7 {White must now prevent ...e5.} 30. Qe3 Bc8 (30... c5 $17 31. Ne2 cxd4 32. Nxd4 f4 $1 {[%mdl 512]}) 31. Ne2 Na6 32. Bg3 c5 33. Be5 g5 34. Bxf6 Qxf6 35. Qe5 Kf7 36. f4 Qxe5 (36... g4 $15) 37. dxe5 gxf4 38. Nxf4 Rd4 39. Ne2 Rdd8 40. Nc3 (40. g4 $11) 40... Ke7 (40... Nb4 $17) 41. Nb5 (41. Rxd8 $11 Rxd8 42. Rf4) 41... Nb4 $17 42. Rd6 Rxd6 43. Nxd6 Rg8 44. Be4 $2 (44. Kf2 $17) 44... fxe4 $19 45. Rf7+ Kd8 46. Ra7 {[#]} Nc6 $2 (46... Rg4 $1 $19 {Hoping for ...e3.} 47. Nf7+ Ke8 48. Nd6+ Kf8) 47. Nf7+ $11 {The position is equal.} Ke8 48. Nd6+ Kd8 49. Nf7+ {Precision: White = 33%, Black = 55%.} 1/2-1/2

[Event "89th GER-ch"]
[Site "Dresden"]
[Date "2018.08.09"]
[Round "7"]
[White "Faerber, David"]
[Black "Adiyaman, Rene"]
[Result "0-1"]
[WhiteElo "2321"]
[BlackElo "2097"]
[Annotator "TA"]
[PlyCount "106"]
[EventDate "2018.08.03"]
[EventType "swiss"]
[EventCountry "GER"]
[SourceTitle "playchess.com"]
[Source "ChessBase"]
[SourceQuality "1"]

{[%evp 16,106,35,37,35,38,30,39,45,39,66,74,109,110,102,105,103,118,117,121,119,133,121,93,91,90,108,89,72,85,95,95,80,81,80,73,82,14,15,14,19,-17,-3,-25,-18,-16,16,0,10,7,12,8,39,39,44,45,38,-139,154,23,18,18,254,0,247,-166,-179,-187,0,0,129,-51,-48,-8,0,-5,116,0,28,-387,0,-483,-469,-532,-518,-699,-915,-724,-807,-823,-816,-904,-588]} 1. e4 e5 2. Nf3 Nc6 3. Bb5 Nf6 4. d3 Bc5 5. c3 O-O 6. O-O d6 7. Nbd2 Qe7 {C65: Ruy Lopez: Berlin Defence (3...Nf6), unusual lines and 4 0-0 Bc5} (7... a5 8. h3 Bd7 9. Re1 a4 10. Nf1 Ne7 11. Bxd7 Nxd7 12. d4 Bb6 13. Ng3 Re8 14. Bg5 Nf8 15. Be3 exd4 16. Bxd4 Bxd4 17. Nxd4 {0-1 (59) Grischuk,A (2766)-Kramnik,V (2792) Paris 2018}) 8. h3 a6 9. Ba4 {LiveBook: 3 Games} Ba7 {White is slightly better.} 10. Re1 Nh5 {[#]} 11. d4 $146 {[%mdl 512]} ({Predecessor:} 11. Nf1 Qf6 12. Be3 Bxe3 13. fxe3 b5 14. Bb3 Na5 15. g4 Nxb3 16. axb3 {1-0 (29) Fishbein,A (2519)-Shivaji,S (2303) Philadelphia 2006}) 11... Qf6 {[%cal Re5d4]} (11... exd4 12. cxd4) 12. Nf1 exd4 13. Bxc6 $1 dxc3 14. e5 $1 {[%cal Re5f6]} dxe5 15. Be4 {Threatens to win with Qc2.} cxb2 16. Bxb2 Bxf2+ 17. Kxf2 Qb6+ 18. Bd4 exd4 19. Qxd4 c5 20. Qe3 Nf6 21. N1d2 Re8 22. Rac1 Bf5 23. Qf4 $1 {[%cal Rf4f5]} Bxe4 24. Nxe4 c4+ 25. Kf1 Nd5 26. Qd2 (26. Qd6 $1 $16 {[%cal Rd6d5]} Qxd6 27. Nxd6 Rxe1+ 28. Rxe1 (28. Kxe1 b5 $14)) 26... Rad8 $11 {Threatening ...f5.} 27. Qf2 ({But not} 27. Rxc4 Qb5 $17) 27... Qxf2+ 28. Nxf2 (28. Kxf2 {is more complex.} Nb4 29. Nc5 b6 30. a3 bxc5 31. axb4 cxb4 32. Rxe8+ Rxe8 33. Rxc4 a5 34. Rc5) 28... b5 29. Rxe8+ Rxe8 30. Nd1 Rc8 31. Nc3 Nf4 32. a3 {[%cal Ba2a3,Ba3a4][%mdl 32]} Kf8 33. Rb1 Nd3 34. Ne1 Nc5 35. a4 Nb3 {aiming for ...Nd2+.} 36. Ke2 $2 (36. Nf3 $14) 36... h5 $2 {[%mdl 8192]} (36... Re8+ $17 {and life is bright.} 37. Kf2 b4) 37. Nd5 ({Better is} 37. axb5 $16 Re8+ 38. Kf2) 37... Re8+ 38. Kf2 a5 $2 (38... Nd2 $11 {and Black is okay.} 39. Rd1 Ne4+ 40. Kf3 bxa4) 39. Nf3 $2 (39. axb5 $18 {Strongly threatening b6.} Nd2 40. Rd1 Ne4+ 41. Kf3) 39... Nc5 $2 (39... bxa4 $11 40. Nc3 a3) 40. Ne3 $4 {[%mdl 8192]} (40. axb5 $18 {avoids the disaster. And now b6 would win.} a4 41. b6) 40... c3 $1 $19 {[%mdl 1024] ...Nd3+ is the strong threat. Black has strong compensation.} (40... bxa4 41. Nxc4 Ne4+ 42. Kg1 $14) 41. Nd4 {[#]} Ne4+ $2 ({And not} 41... bxa4 42. Rb5 $11) (41... b4 $1 $19 42. Kf3 g6) 42. Ke2 $11 Nd2 (42... b4 $1 $11) 43. Re1 $2 (43. Rxb5 $16 Nc4 44. Ndc2 Nxe3 45. Nxe3) 43... Nc4 44. Kd3 Nb2+ 45. Kc2 Nxa4 (45... b4 $11) 46. Nb3 (46. Nxb5 $16 {Black must now prevent Nd6.} Nb6 47. Nxc3 (47. Kxc3 Rxe3+ 48. Rxe3 Nd5+ 49. Kd4 Nxe3 $16)) 46... Re5 {White should prevent ...b4.} 47. Ra1 $2 {[%mdl 8192]} (47. Nxa5 $11 {and White has nothing to worry.} g6 48. Kb3) 47... Nb2 $2 (47... Rxe3 $19 48. Nd4 Rg3 49. Nxb5 Rxg2+ 50. Kb3 Nc5+ 51. Kxc3 Rg3+ 52. Kc4 Ne6) 48. Re1 $2 {[%mdl 8192]} (48. Nf1 $11 {and White stays safe.}) 48... a4 $19 {[%cal Ba5a4,Ba4a3][%mdl 32] Black is clearly winning.} 49. Nc1 Nc4 50. Kd3 Rxe3+ 51. Rxe3 Nxe3 52. Kxe3 {[#]} b4 $1 {[%cal Rb4b3]} 53. Ne2 a3 {Precision: White = 44%, Black = 43%.} 0-1